000 00256nam a2200097Ia 4500
005 20251222114351.0
008 251222s1900||||xx |||||||||||||| ||spa||
082 _aDVD0010/S84/2005
245 0 _aEl Ășltimo tren a Gun Hill:Last Train From Gun Hill
942 _cDVD
999 _c1237
_d1237